[Event "WchT 6th"]
[Site "Beersheba"]
[Date "2005.11.09"]
[Round "8.4"]
[White "Erenburg, Sergey"]
[Black "Karjakin, Sergey"]
[Result "1/2-1/2"]
[WhiteElo "2582"]
[BlackElo "2658"]
[Annotator "Erenburg,S"]
[PlyCount "78"]
[EventDate "2005.11.01"]
[EventType "team-tourn"]
[EventRounds "9"]
[EventCountry "ISR"]
[SourceTitle "CBM 110"]
[Source "ChessBase"]
[SourceDate "2006.01.31"]
[SourceVersion "1"]
[SourceVersionDate "2006.01.31"]
[SourceQuality "1"]
[WhiteTeam "Israel"]
[BlackTeam "Ukraine"]
[WhiteTeamCountry "ISR"]
[BlackTeamCountry "UKR"]

1. e4 c5 2. Nf3 d6 3. d4 cxd4 4. Nxd4 Nf6 5. Nc3 a6 6. Be3 e5 7. Nb3 Be6 8. Qd2
Nbd7 9. f3 b5 10. O-O-O Nb6 11. Qf2 Nc4 12. Bxc4 bxc4 13. Nc5 {It is one of
the most fashionable theoretical lines in modern chess. Black gets a pair of
bishops and an open "b" file with good prospects for an attack on the
queenside. In opposite White has some positional advantages: Black's
light-squared bishop is passive, Black's pawn c4 can help White to parry an
attack. It should be noted, that Black needs some time to complete the
development, and White can use it for transfering his knight to the stronghold
d5.} Be7 14. g4 {The idea of this move is to drive away Black's knight from f6,
that will make an occupation of the square d5 by White's knights possible.
Other possibilities are:} (14. h4 Qc8 15. N5a4 Rb8 16. g4 Qc6 17. Nb6 Bd8 $1 (
17... Qb7 18. g5 Nd7 19. Nba4 Qc6 20. a3 O-O 21. h5 f5 22. gxf6 Nxf6 23. Qg3
Kh8 24. Rdg1 Rf7 {1/2-1/2 Slobodjan,R-Bruzon Bautista,L/Varadero 2000/ (52)})
18. Ncd5 O-O $6 {Svidler misses a golden opportunity to show the weaker side
of White's set up. Taking on b6 would promise black excellent chances.} (18...
Bxb6 $5 19. Nxb6 d5 20. exd5 (20. g5 $2 d4 21. gxf6 Qxb6 $19) 20... Nxd5 21.
Nxd5 Bxd5 22. Rh3 O-O 23. f4 f5 $15) 19. c3 Nxd5 (19... Bxb6 $4 20. Ne7+ $18)
20. Nxd5 (20. exd5 Qb7 21. Nxc4 Bxd5 22. Nxd6 Qc6 $15) 20... Rb5 21. Nb4 Qb7 (
21... Qd7 22. Nxa6 Be7 23. Nb4 Ra8 24. Kb1 Qc7 $13) 22. Rxd6 a5 (22... Be7 23.
Rxa6 Bxb4 24. Ra7 Qc6 25. cxb4 c3 (25... Rb7 26. Rxb7 Qxb7 27. a3 $16) 26. b3
$1 Ra8 27. Rd1 $16) 23. Na6 $1 {Anand is certainly not afraid of concrete
tactical solutions, the knight is heading for the square c5.} (23. Nc6 Bc7 24.
Ne7+ Kh8 25. Rd2 a4 $14) 23... Be7 (23... Bc7 24. Nxc7 Qxc7 25. Rhd1 $16) 24.
Nc5 Qc8 (24... Rxc5 25. Bxc5 Bxd6 26. Bxd6 Rd8 27. Bxe5 $16) 25. Nxe6 fxe6 (
25... Bxd6 26. Nxf8 Qxf8 27. Rd1 $16) 26. Rb6 $1 $16 {1-0 Anand,V-Svidler,P/
Dortmund 2004/CBM 102/[Ftacnik] (52)}) (14. N5a4 h5 (14... Rb8 15. Nb6 O-O 16.
Kb1 Rb7 17. Ncd5 Nxd5 18. Nxd5 Rb5 19. Bb6 Qd7 20. a4 Rxd5 21. exd5 Bf5 22. g4
Bg6 23. f4 exf4 24. Rhe1 Bf6 $15 {0-1 Quezada,Y-Karjakin,S/Mallorca 2004/ (71)}
) 15. Nb6 Rb8 16. Ncd5 Bxd5 17. Nxd5 Nxd5 18. Rxd5 Rb5 19. Rhd1 Qa5 20. Kb1 O-O
21. Qd2 Qc7 22. Rxb5 axb5 23. Qd5 b4 24. b3 $14 {1-0 Almasi,Z-Lalic,B/Jahorina
2003/ (46)}) (14. Nxe6 fxe6 15. Qe2 d5 16. exd5 exd5 17. Nxd5 Nxd5 18. Qxc4
Nxe3 19. Qc6+ Kf7 20. Rxd8 Rhxd8 21. Qe4 Bg5 22. Qxe5 Rd5 23. Qc7+ Kg8 24. f4
Rad8 25. b3 Bf6 $19 {0-1 Pym,T-Eckersley Waites,T/Millfield School 2003/ (30)})
(14. Qg3 {The most promising plan seems to be the idea to reach d5 with the
second knight after Nc5-a4-b6.} O-O 15. Bh6 (15. Nxe6 fxe6 16. Qh3 Qd7 17. g4
Kh8 18. g5 Ng8 $11) 15... Ne8 16. f4 exf4 17. Bxf4 Qa5 $1 18. Nxe6 (18. Nb7 Qb4
19. Nxd6 Rb8 20. Nxc4 Rb7 21. b3 Bxc4 22. bxc4 Qb2+ 23. Kd2 Bb4 24. Be5 f6 25.
Bd4 Rd7 $19) 18... fxe6 19. Rhf1 (19. Qg4 $4 Rxf4 $1 20. Qxe6+ Rf7 $19) 19...
Rb8 20. Qg4 Nc7 21. Bh6 Qe5 $15 {0-1 Zhigalko,A-Dvoirys,S/Izmir 2004/CBM 104/
[Ftacnik] (41)}) 14... Bxg4 {Black is winning the pawn, but White's activity
is very dangerous, as Black's monarch is still in the centre.} (14... O-O {
is possible as well:} 15. g5 (15. h4 Qc7 (15... Bxg4 $2 16. fxg4 Nxg4 17. Qg3
Nxe3 18. Qxe3 Qb6 19. Nd5 $18) 16. N5a4 (16. Nxe6 fxe6 17. Qg3 Rab8 $132) 16...
Rab8 17. g5 Nd7 (17... Nh5 $5 18. f4 exf4 19. Bxf4 Nxf4 20. Qxf4 Qc6 21. a3 $13
) 18. Qd2 Qc6 19. h5 f5 {A typical reaction to the threat of suffocation under
the impact of the pawns on g5 and h5.} (19... Rb4 $2 20. Nd5 $18) 20. g6 f4 (
20... h6 21. Bxh6 $1 f4 (21... fxe4 22. Bg5 Bxg5 23. Qxg5 exf3 24. h6 $18) 22.
Bxg7 Kxg7 23. h6+ Kxg6 24. Qg2+ Kf7 25. Qg7+ Ke8 26. h7 Bf6 27. h8=Q Bxg7 28.
Qxg7 $14) 21. gxh7+ Kh8 22. Bf2 Rfd8 (22... Rb7 23. Bh4 Nf6 24. Qg2 $16) 23.
Rdg1 $16 {1-0 Vachier Lagrave,M-David,A/Paris 2004/CBM 105/[Ftacnik] (28)})
15... Nh5 16. Rhg1 Qc8 17. N5a4 Rb8 18. Nb6 Qb7 19. Ncd5 Bxd5 20. Rxd5 Qc6 21.
Rdd1 Nf4 22. Bxf4 Rxb6 23. Bd2 Rfb8 $15 {1-0 Frolov,A-Dvoirys,S/Moscow 1991/
URS-ch (37)}) 15. Rhg1 $146 {A new move. White forces Black to move the
light-squared bishop to h5, that will weaken the c4 pawn and the central
square d5.} (15. Qg3 Bc8 {-see 15.Qg2} (15... Bh5 16. Nb7 Qc7 17. Nxd6+ $18)) (
15. Qg2 Bc8 16. N5a4 (16. Qxg7 Rg8 17. Qh6 Rg6 18. Qh4 Ng4 $19) 16... Rb8 $13
17. Qxg7 $2 Rg8 18. Qh6 Rg6 19. Qh4 Ng4 $19) ({In the preceding game White
continued} 15. N5a4 {, but after} Be6 {his position became unpleasant:} 16.
Rhg1 g6 17. Nb6 Rb8 18. Ncd5 Bxd5 19. Nxd5 Nxd5 20. Rxd5 Rb5 21. Qd2 Qc7 22.
Bh6 Rxb2 23. Bg7 $2 {0-1 Illes,S-Stanescu,C/Miercurea Ciuc 2002/CBM 089 ext 
(23)} (23. Kxb2 Qb6+ 24. Ka3 Qxg1 25. Qb4 $13) 23... Qb6 $19) (15. fxg4 {
loses, in view of} Nxg4 16. Qg3 Nxe3 17. Nb7 (17. Qxg7 Bf6 $19 {[%cal Ye3d1]})
17... Qb6 18. Qxg7 Rf8 $19) 15... Bh5 {Otherwise, White would take on g7.} 16.
N5a4 ({In case of the capture on g7, black catches the rook with} 16. Rxg7 Bg6
$15 {[%cal Yf6h5]}) 16... O-O {Black has to secure his monarch and to give
back his extra pawn. Otherwise:} (16... Rb8 17. Nb6 (17. Rxg7 Bg6) 17... Qc7 (
17... O-O {-the game.}) 18. Ncd5 (18. Rxg7 Bg6 19. Ncd5 Nxd5 20. Nxd5 Qb7 $13 {
[%cal Ob7b2,Ye7f8]}) 18... Nxd5 19. Nxd5 Qb7 20. Nxe7 Qxe7 (20... Qxb2+ 21. Kd2
Kxe7 22. Qh4+ $18) 21. Rxg7 $16) 17. Nb6 Rb8 18. Nxc4 Qc7 19. Nb6 {intending
to occupy the d5 stronghold.} Bd8 $1 {Black's dark-squared bishop is
absolutely misplaced on e7. Therefore, the young Ukrainian wounderkind
transfers it to d8-a5 diagonal.} 20. Qg2 $1 {A very important move. White
moves away the queen from the f-file.} ({Much worse is} 20. Nbd5 $2 Nxd5 21.
Nxd5 Qb7 22. b3 f5 $17) 20... Bg6 (20... g6 21. Ncd5 Nxd5 22. Nxd5 Qb7 23. b3
f5 24. Qh3 $14 {[%cal Oh3h5,Yd1f1]}) 21. Ncd5 Nxd5 22. Nxd5 {Finally, white
has brought his knight to the square d5 !} Qb7 $1 {Probably the best move.
Black's queen does not only attack white's queenside, but also covers the
seventh rank.} (22... Qa5 23. Kb1 f5 24. h4 $36) 23. b3 f5 {creating
counterplay on the kingside.} 24. Bg5 $1 {White decides to change one of
Black's bishops, and, at the same time, prepares an advance of the h-pawn.} Qf7
{adding heavy pieces on the potentially open f-file.} 25. Bxd8 Rbxd8 26. h4 $11
{White's position looks slightly better, thanks to an excellent knight on d5.
But, Black has positional advantages as well: White's weak pawn e4 and the
fact, that almost each endgame will be even better for Black. Therefore,
objectively, the position is equal.} fxe4 ({Worth a consideration:} 26... Kh8
$5) 27. fxe4 Kh8 ({Of course not} 27... Qf3 $4 28. Ne7+ Kh8 29. Nxg6+ hxg6 30.
Qxg6 $18) 28. Rdf1 Qd7 29. a4 {White pushes his pawn on the queenside forward,
preparing for the possible endgame.} ({White gets nothing after} 29. Rxf8+ Rxf8
30. Rf1 Rxf1+ 31. Qxf1 h5 32. Qxa6 Bxe4 $11) 29... a5 30. Kb1 (30. Qe2 {
is bad, in view of} Qh3 $15) 30... Rb8 $1 {Black is threatening to switch his
rooks to the queenside.} 31. Rxf8+ (31. Ka2 Rfc8 $132 {[%cal Yc8c4]}) (31. Kc1
$11) 31... Rxf8 32. Rf1 Rxf1+ $6 ({It was better not to give up the open
f-file.} 32... Rf7 $11) 33. Qxf1 h5 $2 {fixing White's pawn on h4. Black's
h-pawn can be very dangerous in the endgame. But White gets tactical resources.
..} ({Better is} 33... Bf7 $14) 34. Nc3 $4 {missing a winning continuation.} (
34. Qf8+ $1 Kh7 35. Ne7 Bxe4 (35... Qe6 36. Nxg6 Kxg6 (36... Qxg6 37. Qf5 $18 {
[%cal Yb3b4]}) 37. Qd8 Qf6 38. Qxf6+ Kxf6 39. b4 g5 (39... Ke7 40. bxa5 Kd7 41.
Kb2 Kc6 42. Kc3 Kb7 43. Kc4 $18) 40. hxg5+ Kxg5 41. bxa5 h4 42. a6 h3 43. a7 h2
44. a8=Q h1=Q+ 45. Kb2 $18) 36. Qg8+ $1 Kh6 37. Qf7 $1 {[%cal Ye7g8] To be
honest, I overlooked this move...} (37. Qh8+ Bh7 $19) 37... Qd8 (37... Qh3 38.
Ng8+ Kh7 39. Nf6+ $18) 38. Kb2 $3 {Zuzwang.} d5 {[%cal Yd8d6] Only move.} (
38... g5 39. Ng8+ $18) 39. Qe6+ Kh7 40. Qxe5 $18) 34... Kh7 $1 {A good
prophylactic move. Black activates his king, and robs White a resource in form
of the check on the eighth rank.} 35. Qd3 Qd8 $1 {attacking the h4 pawn.} 36.
Qg3 Qc8 {planning to "jump" with the queen to g4.} 37. Qe1 {protecting both
pawns, e4 and h4 .} Qg4 38. Kb2 Qf4 39. Nb5 $4 {A terrible mistake in
time-trouble. The position is objectively drawish after} (39. Ka2 Qh2 40. Kb2
Qg2 41. Qd1 Bxe4 42. Nxe4 Qxe4 43. Qxh5+ Kg8 44. Qe8+ $11 (44. Qd1 $5)) 39...
Qxe4 {Before playing 39...Qxe4, my opponent had thought more than 5 minutes,
and offered me a draw, that I accepted. I think, that the final position is
probably winning for black:} (39... Qxe4 40. Qxe4 Bxe4 41. Nxd6 Ba8 $1 {
A very strong move. Black moves away his bishop far away from white's knight.
Now it supports an advance of black's pawns on the kingside, as well as stops
white's ones on the queenside.} (41... Bd5 42. c4) (41... Bc6 42. Nf7) 42. Nf7
(42. Nc4 Kg6 $1 (42... g5 43. hxg5 h4 44. Nxe5 h3 45. Ng4 Kg6 46. Kc3 Kxg5 47.
Nf2 h2 48. Kd2 Kf4 49. c3 Kg3 50. Ke3 {[%cal Yb3b4]} Bc6 (50... Bd5 51. b4) 51.
Ke2 Kg2 52. Ke1 Be8 53. Ke2 Bh5+ 54. Ke3 Bd1 55. b4 axb4 56. cxb4 Bxa4 $19) 43.
Nxa5 (43. Nxe5+ Kf5 44. Nc4 Kg4 45. Nxa5 Kxh4 $19) 43... Kf5 44. b4 g5 45. hxg5
h4 46. g6 Kxg6 47. Nc4 Kf5 $19) 42... Kg6 $1 {As I remember, Sergey has missed
this move...} 43. Nd6 (43. Nxe5+ Kf5 $19) 43... Kf6 44. Kc3 g5 $19) 1/2-1/2

[Event "Olympiad-40"]
[Site "Istanbul"]
[Date "2012.08.29"]
[Round "2.1"]
[White "Nakamura, Hikaru"]
[Black "Malisauskas, Vidmantas"]
[Result "1-0"]
[WhiteElo "2778"]
[BlackElo "2451"]
[Annotator "Erenburg,S"]
[PlyCount "213"]
[EventDate "2012.08.28"]
[EventType "team-swiss"]
[EventRounds "11"]
[EventCountry "TUR"]
[SourceTitle "CBM 151"]
[Source "ChessBase"]
[SourceDate "2012.11.13"]
[SourceVersion "1"]
[SourceVersionDate "2012.11.13"]
[SourceQuality "1"]
[WhiteTeam "US of America"]
[BlackTeam "Lithuania"]
[WhiteTeamCountry "USA"]
[BlackTeamCountry "LTU"]

1. e4 c5 2. Nf3 d6 3. d4 cxd4 4. Nxd4 Nf6 5. Nc3 a6 6. f3 e5 7. Nb3 Be6 8. Be3
Be7 9. Qd2 O-O 10. O-O-O a5 {Black is trying to exploit the seemingly awkward
position of White's knight. The idea is that if White responds with a2-a4,
then Black's queenside knight is going to occupy the b4-spot. If, on the other
hand, Bb5 is played, then Black is going to transfer his knight to c7 via a6.}
11. Bb5 Na6 12. Kb1 {[%cal Yb3c1] A good waiting and prophylactic move.
White's king feels a lot safer on b1 and the c1-square is prepared for the
knight.} Nc7 13. Bb6 Nd7 {This one is relatively rare. Usually Black does not
retreat his knight from f6 unless it is driven away from there. More common
are 13...Qb8 and Qc8:} (13... Qb8 14. Ba4 (14. a4 Nxb5 15. Nxb5 Rc8 $1 16. Nc3
Ra6 17. Be3 Rac6 $1 18. g4 Rxc3 19. bxc3 b5 $40 {0-1 Petr,M (2523)-Zakhartsov,
V (2578)/Pardubice 2011/CBM 143 Extra (25)}) (14. g4 Nxb5 15. Nxb5 a4 16. Nc1
Rc8 17. Ne2 (17. g5 $142 Nd7 18. Be3 $11) 17... d5 $1 18. g5 Nd7 19. exd5 $2 (
19. Bf2 d4 20. Bg3 Nb6 21. Nbxd4 Nc4 $44 {[%cal Ye7c5]}) 19... Bf5 20. Bc7 Rxc7
21. Nxc7 Qxc7 22. d6 Bxd6 23. Ng3 Bb4 24. Qxb4 Bxc2+ 25. Ka1 Nc5 $1 $19 {
[%cal Yc5b3]} 26. a3 Nb3+ {1/2-1/2 Sebag,M (2533)-Vachier Lagrave,M (2716)/Cap
d'Agde 2008/EXT 2009 (56)} (26... Qc6 $1 $19 {[%cal Yc5b3,Gc6e6]})) 14... d5
15. Bxc7 (15. Nc5 $5 d4 16. Bxc7 Qxc7 17. Nxe6 fxe6 18. Nb5 Qc4 19. b3 Qc5 20.
c3 $13) 15... Qxc7 16. exd5 Rfd8 17. dxe6 $5 Rxd2 18. exf7+ Kxf7 19. Nxd2 Rd8
20. a3 Kg6 21. Bb5 Bxa3 22. Bd3+ {[%cal Yc3b5]} Rxd3 23. cxd3 Bb4 24. Nde4 $13
{1/2-1/2 Svidler,P (2750)-Najer,E (2648)/Moscow 2006/CBM 116 (35)}) (13... Qc8
14. Bxc7 (14. Ba4 Nd7 (14... Rd8 $5) 15. Bxc7 $6 (15. Bxd7 Qxd7 16. Nc5 Qc6 17.
Bxc7 Qxc7 18. Nxe6 fxe6 19. a4 $14 {[%cal Yc3b5,Gd2e2]}) 15... Qxc7 16. Bxd7
Qxd7 17. Nd5 Bxd5 18. Qxd5 Rfc8 19. Nc1 Qc7 20. Rd2 Ra6 21. h4 Rc6 22. Qd3 b5
23. Ne2 b4 24. g3 a4 $15 {1-0 Landa,K (2571)-Popovic,P (2501)/Belgium 2004/EXT
2006 (56)}) 14... Qxc7 15. Nc1 Rfd8 16. Nd5 Nxd5 17. exd5 Bd7 18. Bxd7 Rxd7 19.
Ne2 b5 20. f4 b4 21. Rc1 Qb6 22. Rhf1 Bf6 $15 {0-1 Gwaze,R (2429)-Shirov,A 
(2739)/Khanty-Mansiysk 2007/CBM 122}) 14. Bxc7 $146 ({In the preceding game,
White continued} 14. Bxd7 Qxd7 15. Nc5 Qc6 16. Nxe6 fxe6 17. Bxc7 Qxc7 18. Nb5
Qc6 19. a4 Rfd8 20. Qc3 (20. Qe3 $5 Bf6 21. Qb3 $14) 20... Qxc3 21. Nxc3 Rac8
22. Rd3 Rc4 23. b3 Rd4 24. Rxd4 exd4 25. Nb5 $14 {1/2-1/2 Goloshchapov,A (2446)
-Neverov,V (2528)/Kharkov 1999/EXT 2006 (34)}) 14... Qxc7 15. a4 {I am not
sure how good this idea is to keep Black's knight alive. It seems to me
counter-intuitive to let Black carry out the breakthrough in the centre, which
would be impossible if White traded his bishop.} (15. Bxd7 {leads to the 14.
Bxd7 line.}) 15... Nb6 16. g4 Rfd8 17. Qe2 {Nakamura's idea is to follow the
light-squared strategy: he prepares the series of the outposts along the
diaonals d3-a6 and d3-h7 for his minor pieces.} d5 18. exd5 Nxd5 19. Nxd5 Bxd5
20. Nd2 {Bringing the knight to e4. Although it seems that Black has solved
all his opening problems, the truth is that he still has to play very
carefully. There is not a clear plan for Black, while White can advance his
h-pawn after transferring the knight to the centre.} Rac8 21. Ne4 Be6 22. Rxd8+
Rxd8 23. h4 Qb6 24. c3 Bd7 $6 ({I would not rush with trading the bishops.
Black could have followed the waiting strategy, since White's attack is more
dummy than real:} 24... Bd5 $5 25. h5 Qc7 $11) 25. Bxd7 Rxd7 26. Kc2 Qc6 27. b3
{Now White has a long term advantage thanks to the strong knight against a
somewhat passive bishop.} h6 28. h5 Qe6 29. Nd2 {Transferring the knight to c4.
} (29. Rd1 Rxd1 30. Qxd1 f5 31. gxf5 Qxf5 32. Qd5+ Kh8 33. Qxa5 Qxf3 34. Qa8+
Kh7 35. Qxb7 Qg2+ 36. Kd3 Qf1+ $11) (29. Qc4 $1 Qb6 30. Qb5 $14) 29... Bg5 30.
Nc4 f5 31. gxf5 Qxf5+ 32. Qe4 Qf7 33. Kb2 ({Surprisingly, but} 33. Nxa5 {
was playable!} Rd2+ 34. Kb1 b6 35. Nc4 Rf2 36. Re1 $14) 33... Rd5 {[%cal Yb7b5]
Now Black gets dangerous counterplay.} 34. Rh2 Bf4 35. Rg2 b5 ({Perhaps} 35...
Qd7 {was better. For example,} 36. Rc2 Qe6 {and although White is better, I do
not see an obvious way to make progress.}) 36. Nxa5 $6 ({White could get an
obvious advantage after} 36. axb5 Rxb5 37. Qc6 Rb8 38. Nxa5) 36... bxa4 37.
Qxa4 (37. b4 Bg5) 37... Qxh5 38. Nc4 Kh7 {Now with material equality Black
should not be worse. Both sides are going to push their passed pawns to
promotion and with such a game on both flanks, B could be more powerful than
White's N.} (38... Qxf3 $4 39. Qe8+) 39. Qc6 Qf7 ({Of course not} 39... Qxf3 $4
40. Qg6+) 40. Nd6 $2 (40. b4 $142) 40... Qe6 $2 {Both opponents missed a nice
tactical trick:} (40... Bc1+ $3 41. Kxc1 Qxf3 42. Rxg7+ (42. Rd2 Qh1+ $19)
42... Kxg7 43. Nf5+ Kf7 44. Nxh6+ Kf8 45. Qc8+ Kg7 46. Qg4+ Qxg4 47. Nxg4 e4
$17 {with excellent winning chances.}) 41. Qb7 Bg5 42. Ne4 Be7 43. c4 Rd7 44.
Qb5 Qh3 45. Rf2 Bh4 46. Rc2 Rd3 47. Nf2 (47. c5 Qxf3 48. Rd2 Rxd2+ 49. Nxd2 Qd5
50. Kc2 Bf2 51. b4 Qa2+ $11) 47... Bxf2 48. Rxf2 Qh4 $1 {[%cal Gh4d4]} (48...
Rxf3 49. Rxf3 Qxf3 50. Qxe5 (50. c5 Qf2+ $11) 50... h5 $11) 49. Qb6 Qf4 (49...
Qg3 {was more precise, since it does not allow White to place the rook on the
open g-file.} 50. Rc2 e4 51. fxe4 Qe5+ $13) 50. Rg2 g5 51. Qb7+ Kg6 52. Qc6+
Kg7 53. Qb7+ Kg6 54. Qb6+ Kg7 ({Black could play for a win after} 54... Kh5 55.
Rc2 (55. c5 Rxf3 56. c6 Qf6 $1 {[%cal Ye5e4]}) 55... Rxf3 56. Qe6 Rf1 {[%cal
Yf4d4]} 57. Qh3+ Kg6 58. Qe6+ $11) 55. Re2 {Nakamura wants more than a draw!}
Rxf3 56. Qc7+ Kg6 57. Qc6+ Kh5 58. c5 Qd4+ 59. Ka2 Rf2 60. Rxf2 Qxf2+ 61. Ka3
g4 {There is no way White should win this. But Nakamura finds some practical
chances in this complicated endgame.} 62. Qe8+ Kh4 63. Qe7+ Kh3 64. c6 Qb6 65.
Qd7 Qb5 66. Qd6 Qa6+ $1 67. Kb2 h5 $2 (67... g3 $1 68. Qxh6+ (68. Qd7+ Kh2 69.
c7 g2) 68... Kg4 69. Qg7+ Kf4 70. c7 Qe2+ 71. Ka3 Qa6+ $11) 68. Qd5 $1 {
White places his queen ideally. It stops the advance of Black's pawns and at
the same time assists with the promotion of his c-pawn.} Qb6 $2 ({Better was} 
68... Qe2+ 69. Kc3 Qe1+ 70. Qd2 Qa1+ 71. Kb4 Qa7 $1 72. Qd7 Qb6+ 73. Kc4 Qa6+
74. Kc3 Qa5+ 75. b4 Qa3+ 76. Kc4 {Now it seems that White is winning, but} Qa4
$3 {apparently saves the day.}) 69. Qd3+ $2 {White has just missed the chance
to win the game.} ({There was a way to bring the queen to the c-file with
checks:} 69. Qh1+ Kg3 70. Qe1+ Kh3 71. Qc3+ g3 72. c7 Qf2+ 73. Qc2 Qd4+ 74. Ka2
Qa7+ 75. Kb1 Qg1+ 76. Qc1 $18) 69... g3 70. Qf5+ Kh4 71. Qe4+ Kh3 {Now it
seems like a draw. Not if you ask Nakamura.} 72. b4 $6 (72. Qh1+ $11) 72... g2
$6 {One always runs risks when one tries to win a drawish position. It could
cost White the game if Maliskauskas found} (72... Qf2+ $1 73. Kc3 g2 74. c7
g1=Q 75. c8=Q+ Qg4 $15) 73. Qf3+ Kh2 74. Qxh5+ Kg1 75. Qd1+ Kf2 76. Qc2+ Kf1
77. Qc4+ Ke1 78. c7 g1=Q $6 ({It was better to play} 78... Qf2+ 79. Kb3 Qe3+
80. Qc3+ (80. Ka4 Qa7+ $11) 80... Qxc3+ 81. Kxc3 g1=Q 82. c8=Q Qe3+ {[%cal
Ye5e4] and Black can't lose this one.}) 79. Qc3+ Kd1 80. Qc1+ Ke2 81. Qc4+ Kf3
82. c8=Q Qgd4+ 83. Qc3+ Qxc3+ 84. Qxc3+ Kf4 85. Qd2+ Kf3 86. Qd3+ Kf4 87. Qf1+
Kg3 88. Qd3+ Kf4 89. Qd2+ Kf3 90. Qd5+ e4 91. b5 Kf4 92. Kc1 $1 e3 93. Kd1 {
Although the position is objectively a draw, White creates some problems:
Black's king is cut off and can't help to stop White's passed pawn. White's
monarch, on the other hand, is participating in taking care of Black's pawn.}
Qa5 94. Ke2 Qc3 $6 (94... Qb4 $1 $11 {[%cal Yb4b2] was the right move. In this
case, there is no way for White to make progress.}) 95. Qf7+ (95. Qd6+ Qe5 96.
Qb4+ Kf5 97. b6 Qh2+ 98. Kxe3 Ke6 {According to the Nalimov databases, this is
a draw, but in the actual game I bet Nakamura would win it.}) 95... Ke4 96.
Qe6+ Kf4 (96... Qe5 97. Qc4+ Kf5 98. Qb4 Ke6 99. b6 Kd7 $11 {Once again,
Nalimov says it's a draw.}) 97. Qd6+ Qe5 98. Qb4+ Kf5 99. b6 Qh2+ 100. Kxe3
Qg1+ $2 (100... Ke6 $1 101. b7 Qg3+ 102. Kd4 Qf4+ 103. Kc3 (103. Kc5 Qc7+)
103... Qf3+ 104. Kb2 Qe2+ 105. Ka3 Qa6+ 106. Kb3 Qd3+ $11) 101. Kd3 $18 {
After a series of inaccuracies from the black side, a Q+P vs Q endgame has
arisen. In this kind of endgames the weak side should either have the king
really close to the passed pawn or place it in one of the corners. In this
particular position, Black's monarch is completely misplaced on f5, since it
helps White to run away from the checks, i.e. Black's king blocks some
important line and diagonals for his own queen and disallows many checks
because of the threat of trading queens.} Qf1+ (101... Qd1+ 102. Kc4 Qe2+ 103.
Kb3 Qd3+ 104. Ka4 Ke6 105. Qc5) 102. Kd4 Qg1+ 103. Kc4 Ke6 104. b7 Qf1+ 105.
Kc5 Qf8+ 106. Kb5 Qf1+ (106... Qb8 107. Qc4+ Ke7 108. Qc8 $18) 107. Qc4+ 1-0